|
|
|
|
| LEADER |
02091nam a22003497a 4500 |
| 001 |
32728 |
| 003 |
BD-DhAAL |
| 005 |
20180314231833.0 |
| 008 |
180226t2017 sp a|||| b||| 001 0 eng d |
| 999 |
|
|
|c 39135
|d 39135
|
| 020 |
|
|
|a 9788494234224
|
| 040 |
|
|
|a BD-DhAAL
|
| 082 |
|
|
|a 720.095492
|2 20
|
| 100 |
|
|
|a Morshed, Adnan
|9 25030
|
| 245 |
|
|
|a DAC :
|b Dhaka in 25 Buildings /
|c Adnan Morshed and Nesfun Nahar
|
| 250 |
|
|
|a First edition
|
| 260 |
|
|
|a Barcelona, Spain :
|b Altrim Publishers,
|c c2017
|
| 300 |
|
|
|a 173 pages :
|b illustrations ;
|c 19 cm.
|
| 490 |
|
|
|a South Asia Architectural Travel Guides
|
| 504 |
|
|
|a Includes bibliographical references (pages 165-167) and index.
|
| 526 |
|
|
|a AAL
|
| 541 |
|
|
|a Department of Architecture
|e 32728, 32729, 32730, 32731, 32732
|
| 650 |
|
|
|a Architecture
|z Bangladesh
|x History
|y 17th century
|9 25033
|
| 700 |
|
|
|a Nahar, Nesfun
|9 25031
|
| 700 |
|
|
|a Chowdhury, Turjoy
|9 25032
|
| 852 |
|
|
|a Ayesha Abed Library
|c General Stacks
|
| 942 |
|
|
|2 ddc
|c BK
|
| 952 |
|
|
|0 0
|1 0
|2 ddc
|4 0
|6 720_095492000000000_MOR
|7 0
|9 62747
|a BRACUL
|b BRACUL
|c GEN
|d 2018-02-20
|e Department of Architecture
|g 2000.00
|l 2
|m 24
|o 720.095492 MOR
|p 3010032728
|r 2021-12-23
|s 2021-12-15
|t 1
|v 2000.00
|w 2018-02-20
|y BK
|
| 952 |
|
|
|0 0
|1 0
|2 ddc
|4 0
|6 720_095492000000000_MOR
|7 0
|9 62748
|a BRACUL
|b BRACUL
|c GEN
|d 2018-02-20
|e Department of Architecture
|g 2000.00
|l 3
|m 30
|o 720.095492 MOR
|p 3010032729
|r 2019-05-12
|s 2018-10-15
|t 2
|v 2000.00
|w 2018-02-20
|y BK
|
| 952 |
|
|
|0 0
|1 0
|2 ddc
|4 0
|6 720_095492000000000_MOR
|7 0
|9 62749
|a BRACUL
|b BRACUL
|c GEN
|d 2018-02-20
|e Department of Architecture
|g 2000.00
|l 5
|m 52
|o 720.095492 MOR
|p 3010032730
|r 2024-02-14
|s 2024-01-30
|t 3
|v 2000.00
|w 2018-02-20
|y BK
|
| 952 |
|
|
|0 0
|1 0
|2 ddc
|4 0
|6 720_095492000000000_MOR
|7 0
|9 62750
|a BRACUL
|b BRACUL
|c GEN
|d 2018-02-20
|e Department of Architecture
|g 2000.00
|l 7
|m 51
|o 720.095492 MOR
|p 3010032731
|r 2025-08-10
|s 2025-07-27
|t 4
|v 2000.00
|w 2018-02-20
|y BK
|
| 952 |
|
|
|0 0
|1 0
|2 ddc
|4 0
|6 720_095492000000000_MOR
|7 0
|9 62751
|a BRACUL
|b BRACUL
|c GEN
|d 2018-02-20
|e Department of Architecture
|g 2000.00
|l 2
|m 28
|o 720.095492 MOR
|p 3010032732
|r 2025-09-18
|s 2025-07-27
|t 5
|v 2000.00
|w 2018-02-20
|y BK
|